Change a Letter - OUT - Statistics

General Stats
  • This quiz has been taken 28 times
  • The average score is 20 of 21
Answer Stats
Answer % Correct
BUT
100%
CUT
100%
GUT
100%
HUT
100%
JUT
100%
MUT
100%
NUT
100%
PUT
100%
RUT
100%
TUT
100%
OFT
96%
OUR
96%
OAT
93%
OPT
93%
ORT
93%
OUD
93%
OUP
93%
OUS
93%
OUK
89%
OWT
85%
OOT
78%
No matching quizzes found
Score Distribution
Percent of People with Each Score
Percentile by Number Answered
Your Score History
You have not taken this quiz